| 000 | 01560nam a22002777a 4500 | ||
|---|---|---|---|
| 005 | 20120207152323.0 | ||
| 010 | _aB-447384-388 | ||
| 020 |
_a9788180280238 _c675.00 |
||
| 035 | _aB-447384-388 | ||
| 037 | _bBPPD/PUB | ||
| 037 | _bK.K.Pub/Ven | ||
| 082 | _a000 | ||
| 100 |
_aO'Connor, Daniel _945576 |
||
| 245 |
_aA Clear Star : _bC.F.Andrews and India 1904-1914 / _cby Daniel O'Connor |
||
| 260 |
_aNew Delhi _bChronicle Books _c2005 |
||
| 270 |
_aD-27, NDSE Part II, _bNew Delhi _e110049 |
||
| 300 |
_a300p. _c21cm |
||
| 700 | _941156 | ||
| 942 |
_2ddc _cEN _mOCO _h000 |
||
| 999 |
_c62242 _d62242 |
||